01518nam a2200445 i 450000100060000000300080000600500170001400600190003100700150005000800410006502000180010602000270012403500230015103500240017403500250019803500220022304000310024505000210027608000060029708200120030310000330031524500500034825000230039826400530042130000440047433600310051833700330054933800430058249000360062550000230066150400290068458801240071365000390083765000380087665000160091465000160093065500270094683000370097385600620101060179FlNmELB20241217142050.0m o d | cr cnu||||||||170601s2016 mx ob 001 0 spa d z9786077443834 a9786077445135 (e-book) a(MiAaPQ)EBC4849855 a(Au-PeEL)EBL4849855 a(CaPaEBR)ebr11379386 a(OCoLC)1009095090 aFINmELBbspaerdacFINmELB 4aPN511bO819 2016 a80 a8092231 aOseguera Mejía, Eva Lydia.10aLiteratura.n2 /cEva Lydia Oseguera Mejía. aSegunda edición. 1aMéxico D.F. :bGrupo Editorial Patria,c[2016] a1 recurso en línea (x, 185 páginas) atextobtxt2rdacontent/spa acomputadorabc2rdamedia/spa arecurso en líneabcr2rdacarrier/spa1 aSerie integral por competencias aContiene índice. aContiene bibliografía. aDescripción basada en recurso en línea; Título de la página del título en PDF (e-libro, visto June 01, 2017). 0aLiteraturexHistory and criticism. 4aLiteraturaxHistoria y crítica. 0aLiterature. 4aLiteratura. 4aLibros electrónicos. 0aSerie integral por competencias.40uhttps://elibro.net/ereader/politecnicointernacional/40489